Представление документа в формате RUSMARC

ПолеНазваниеЗначение
  Тип записи a
  Библиографический уровень m
001 Контрольный номер UONB/MAIN/47e00ca048e344e2aed703698d6d9dc9
005 Дата корректировки 20251011170805.7
010 Индекс ISBN __
d Цена 26 к.
9 Тираж 1000 экз.
100 Данные общей обработки __
a Данные общей обработки 20251011d1965 u y0rusy0189## ca
101 Язык документа 0_
a Язык текста rus
102 Страна публикации __
a Страна публикации RU
105 Кодированные данные (монография) __
a Кодированные данные (монография) y z 000yy
200 Заглавие и сведения об ответственности 1_
a Заглавие Техника безопасности при работе с контролируемыми атмосферами
e Сведения, относящиеся к заглавию руководящие материалы
f Первые сведения об ответственности Государственный комитет по электротехнике при Госплане СССР, Всесоюзный научно-исследовательский институт электротермического оборудования
203 Вид содержания и тип средства __
a Вид содержания Текст
b Характеристика содержания визуальный
c Тип средства непосредственный
210 Выходные данные 1_
a Место издания Москва
d Дата издания 1965
215 Физическое описание __
a Объем 103 с.
606 Тематические рубрики 0_
a Основная рубрика Термическая обработка металлов
x Основная подрубрика Техника безопасности
610 Ключевые слова 0_
a Ключевые слова металлообработка; техника безопасности; термическая обработка металлов
675 Индекс УДК __
a Индекс УДК 6П4.51-09
686 Индексы других классификаций __
a Классификационный индекс 34
2 Код системы rubbk
712 Наименование организации (Вторичная ответственность) 02
a Организация/ юрисдикция Всесоюзный научно-исследовательский институт электротермического оборудования
4 Код отношения 570
801 Источник записи _0
a Страна RU
b Организация Ульяновская ОНБ
c Дата составления 20251011
g Правила каталогизации RCR
801 Источник записи _1
a Страна RU
b Организация Ульяновская ОНБ
c Дата составления 20251011
g Правила каталогизации RCR
901 Тип документа __
t Тип документа m
909 Создатель записи __
a Создатель записи Агапова
b Дата создания записи 20251011